000 00523cam a2200193ua 4500
020 _c24.00
041 _aeng
_h
082 _a532.02462
_bFRA/PR
100 _aFrancis, J.R.D .
245 _aProblems in hydraulics and fluid mechanics for engineering students /
_cJ.R.D.Francis.
_hTextual Documents
250 _a1 /
_b.
260 _aLondon :
_bEdward Arnold , publishers Ltd ,
_c1964.
300 _a134 ; .
365 _a24.00
504 _a
700 1 _aMinton, P .
942 _cBK
999 _c1692
_d1692